Religion Quiz

Random Religion Quiz

I Timothy 2:1 & 2:2 (NIV) TRIP & GHPQ Quiz Stats

 Plays Quiz not verified by Sporcle

Support Sporcle.
Go Orange.
Score 0/8 Timer 01:00
0 Plays Today
Hint Answer % Correct
TRIP # - urged by PaulThanksgiving
80%
GHPQ #3 - way to livePeaceful
80%
GHPQ #4 - way to liveQuiet
80%
TRIP #2 - urged by PaulRequests
40%
TRIP #3 - urged by PaulIntercession
40%
GHPQ #1 - way to liveGodliness
40%
GHPQ #2 - way to liveHoliness
40%
TRIP #4 - urged by PaulPrayers
20%

You're not logged in!

Compare scores with friends on all Sporcle quizzes.
OR
Log In

From the Vault

Shared Abbreviations

by puckett86

It's a wonder the post office works as well as it does.
Remove Ads.
Support Sporcle.
Get the best of Sporcle when you Go Orange. This ad-free experience offers more features, more stats, and more fun while also helping to support Sporcle. Thank you for becoming a member.

Show Comments

Extras

Created Feb 16, 2020ReportNominate
Tags:22, NIV, Timothy, trip

Top Quizzes Today


Score Distribution

Your Account Isn't Verified!

In order to create a playlist on Sporcle, you need to verify the email address you used during registration. Go to your Sporcle Settings to finish the process.

Report this User

Report this user for behavior that violates our Community Guidelines.

Details: